| 000 | 00522nam a2200181Ia 4500 | ||
|---|---|---|---|
| 005 | 20250326143850.0 | ||
| 008 | 250326s9999 xx 000 0 und d | ||
| 037 | _aTextbook | ||
| 040 |
_aFMSL _beng _cFMSL |
||
| 041 |
_aeng _2eng |
||
| 084 |
_aB28 M2 _qFMSL |
||
| 100 |
_aTakeuchi K _9748640 |
||
| 245 | 0 |
_aFoundations of multivariate ana;ysis _cTakeuchi K; Yanai H And Others |
|
| 260 |
_aNew Delhi _bNew Delhi, Wiley eastern _c1982 |
||
| 300 | _a458p | ||
| 942 |
_cTB _hB28 M2 |
||
| 999 |
_c1301393 _d1301393 |
||